|
|
|
|
| LEADER |
01147nam a22003017a 4500 |
| 001 |
36648 |
| 003 |
BD-DhAAL |
| 005 |
20211129104901.0 |
| 008 |
191117t2019 ii a|||| b||| 00| 0 eng d |
| 999 |
|
|
|c 41825
|d 41825
|
| 020 |
|
|
|a 9780670091553
|
| 040 |
|
|
|a BD-DhAAL
|
| 082 |
|
|
|a 954.162
|2 20
|
| 100 |
|
|
|a Pisharoty, Sangeeta Barooah
|9 37206
|
| 245 |
|
|
|a Assam :
|b the accord, the discord /
|c Sangeeta Barooah Pisharoty
|
| 246 |
|
|
|a Assam
|
| 260 |
|
|
|a Gurgaon :
|b Ebury Press,
|c 2019.
|
| 300 |
|
|
|a xvii, 443 pages :
|b illustrations ;
|c 23 cm
|
| 504 |
|
|
|a Includes bibliographical references (pages [411]-443).
|
| 526 |
|
|
|a BBS
|
| 541 |
|
|
|a Pathak Shamabesh
|e 36648
|
| 600 |
|
|
|a Mahanta, Prafulla Kumar.
|9 37207
|
| 651 |
|
|
|a Assam (India)
|x History
|y 20th century.
|9 37208
|
| 651 |
|
|
|a Business & finance
|9 43301
|
| 651 |
|
|
|a Assam (India)
|x Emigration and immigration.
|9 37209
|
| 852 |
|
|
|a Ayesha Abed Library
|c General Stacks
|
| 942 |
|
|
|2 ddc
|c BK
|
| 952 |
|
|
|0 0
|1 0
|2 ddc
|4 0
|6 954_162000000000000_PIS
|7 0
|9 67161
|a BRACUL
|b BRACUL
|c GEN
|d 2019-11-14
|e Pathak Shamabesh
|g 1020.00
|l 1
|m 6
|o 954.162 PIS
|p 3010036648
|r 2022-08-16
|s 2019-11-21
|t 1
|v 1200.00
|w 2019-11-14
|y BK
|